Týden na české politické scéně

Bibliographic Details
Main Authors: Příhoda, Petr, 1939-2014 (Author), Príhoda, Petr (Author)
Format: Article
Language:Slovak
PhysicalDescription:Obr. 1.
Subjects:

MARC

LEADER 00000nab a2200000 a 4500
001 vtls000456000
003 SK-MaSNL
005 20260303204351.0
008 160201c1992 xo 0 slo
015 |a SNBRB19rr/mm-uuuuu 
035 |a CL0456131 
040 |a SNKBUCL  |b slo  |c SNKBUCL  |e AACR2 
041 0 |a slo 
044 |a xo  |c SK 
080 |a 329.11/.12(437)ODA  |2 1981 
100 1 |a Příhoda, Petr,  |c 1939-2014  |4 aut  |9 117989 
245 1 0 |a Týden na české politické scéně  |c Petr Příhoda ; Petr Príhoda 
300 |b Obr. 1. 
650 0 7 |a Občanská demokratická aliance  |2 snkbucl  |9 971822 
655 7 |a články z novín a časopisov  |2 snkbucl  |9 267496 
700 1 |a Príhoda, Petr  |4 aut  |9 1237999 
773 0 |t Mosty  |g Roč. 1, č. 2 (1992), s. 8 
850 |a Slovenská národná knižnica v Martine  |a MTA001 
852 |a SNK  |b KIS3GCP 
958 |a RK 
958 |a CZ 
992 |a RBX 
999 |c 2189705  |d 2191635